<?xml version="1.0" encoding="UTF-8"?>
<record
    xmlns:xsi="http://www.w3.org/2001/XMLSchema-instance"
    xsi:schemaLocation="http://www.loc.gov/MARC21/slim http://www.loc.gov/standards/marcxml/schema/MARC21slim.xsd"
    xmlns="http://www.loc.gov/MARC21/slim">

  <leader>00459cam a2200169   4500</leader>
  <controlfield tag="001">6338</controlfield>
  <controlfield tag="005">20250811140453.0</controlfield>
  <controlfield tag="008">250729b        |||||||| |||| 00| 0 eng d</controlfield>
  <datafield tag="010" ind1=" " ind2=" ">
    <subfield code="a">2015046480</subfield>
  </datafield>
  <datafield tag="020" ind1=" " ind2=" ">
    <subfield code="a">9781419753039</subfield>
  </datafield>
  <datafield tag="022" ind1=" " ind2=" ">
    <subfield code="a">9781419753039</subfield>
  </datafield>
  <datafield tag="100" ind1="1" ind2=" ">
    <subfield code="a">Samuel,Kim</subfield>
  </datafield>
  <datafield tag="245" ind1="1" ind2="4">
    <subfield code="a">On Belonging:</subfield>
    <subfield code="b">finding connection in an age of isolation</subfield>
  </datafield>
  <datafield tag="264" ind1=" " ind2="1">
    <subfield code="a">United State.</subfield>
    <subfield code="b">Abrams Press</subfield>
    <subfield code="c">2022.</subfield>
  </datafield>
  <datafield tag="300" ind1=" " ind2=" ">
    <subfield code="a">vii, 281 pages ;</subfield>
    <subfield code="c">24 cm.</subfield>
  </datafield>
  <datafield tag="942" ind1=" " ind2=" ">
    <subfield code="2">ddc</subfield>
    <subfield code="c">MAIN</subfield>
  </datafield>
  <datafield tag="999" ind1=" " ind2=" ">
    <subfield code="c">10453</subfield>
    <subfield code="d">10454</subfield>
  </datafield>
  <datafield tag="952" ind1=" " ind2=" ">
    <subfield code="0">0</subfield>
    <subfield code="1">0</subfield>
    <subfield code="2">ddc</subfield>
    <subfield code="4">0</subfield>
    <subfield code="7">0</subfield>
    <subfield code="8">MAIN</subfield>
    <subfield code="a">RTCLIB</subfield>
    <subfield code="b">RTCLIB</subfield>
    <subfield code="c">MAIN</subfield>
    <subfield code="d">2025-07-29</subfield>
    <subfield code="i">19546</subfield>
    <subfield code="l">1</subfield>
    <subfield code="o">302.2 SAM</subfield>
    <subfield code="p">30020764</subfield>
    <subfield code="r">2025-08-06 00:00:00</subfield>
    <subfield code="s">2025-07-30</subfield>
    <subfield code="t">c1</subfield>
    <subfield code="w">2025-07-29</subfield>
    <subfield code="y">MAIN</subfield>
    <subfield code="z">Donated by Kim Samuel</subfield>
  </datafield>
  <datafield tag="952" ind1=" " ind2=" ">
    <subfield code="0">0</subfield>
    <subfield code="1">0</subfield>
    <subfield code="2">ddc</subfield>
    <subfield code="4">0</subfield>
    <subfield code="7">0</subfield>
    <subfield code="a">RTCLIB</subfield>
    <subfield code="b">RTCLIB</subfield>
    <subfield code="c">MAIN</subfield>
    <subfield code="d">2025-07-29</subfield>
    <subfield code="i">19547</subfield>
    <subfield code="l">1</subfield>
    <subfield code="m">1</subfield>
    <subfield code="o">302.3 SAM</subfield>
    <subfield code="p">30020765</subfield>
    <subfield code="r">2025-09-24 00:00:00</subfield>
    <subfield code="s">2025-08-01</subfield>
    <subfield code="t">c2</subfield>
    <subfield code="w">2025-07-29</subfield>
    <subfield code="y">MAIN</subfield>
    <subfield code="z">Donated by Kim Samuel</subfield>
  </datafield>
  <datafield tag="952" ind1=" " ind2=" ">
    <subfield code="0">0</subfield>
    <subfield code="1">0</subfield>
    <subfield code="2">ddc</subfield>
    <subfield code="4">0</subfield>
    <subfield code="7">0</subfield>
    <subfield code="8">MAIN</subfield>
    <subfield code="a">RTCLIB</subfield>
    <subfield code="b">RTCLIB</subfield>
    <subfield code="c">MAIN</subfield>
    <subfield code="d">2025-07-29</subfield>
    <subfield code="i">19548</subfield>
    <subfield code="l">0</subfield>
    <subfield code="o">302.3 SAM</subfield>
    <subfield code="p">30020766</subfield>
    <subfield code="r">2025-07-29 00:00:00</subfield>
    <subfield code="t">c3</subfield>
    <subfield code="w">2025-07-29</subfield>
    <subfield code="y">MAIN</subfield>
    <subfield code="z">Donated by Kim Samuel</subfield>
  </datafield>
  <datafield tag="952" ind1=" " ind2=" ">
    <subfield code="0">0</subfield>
    <subfield code="1">0</subfield>
    <subfield code="2">ddc</subfield>
    <subfield code="4">0</subfield>
    <subfield code="7">0</subfield>
    <subfield code="8">MAIN</subfield>
    <subfield code="a">RTCLIB</subfield>
    <subfield code="b">RTCLIB</subfield>
    <subfield code="c">MAIN</subfield>
    <subfield code="d">2025-07-29</subfield>
    <subfield code="i">19549</subfield>
    <subfield code="l">0</subfield>
    <subfield code="o">302.3 SAM</subfield>
    <subfield code="p">30020767</subfield>
    <subfield code="r">2025-07-29 00:00:00</subfield>
    <subfield code="t">c4</subfield>
    <subfield code="w">2025-07-29</subfield>
    <subfield code="y">MAIN</subfield>
    <subfield code="z">Donated by Kim Samuel</subfield>
  </datafield>
  <datafield tag="952" ind1=" " ind2=" ">
    <subfield code="0">0</subfield>
    <subfield code="1">0</subfield>
    <subfield code="2">ddc</subfield>
    <subfield code="4">0</subfield>
    <subfield code="7">0</subfield>
    <subfield code="8">MAIN</subfield>
    <subfield code="a">RTCLIB</subfield>
    <subfield code="b">RTCLIB</subfield>
    <subfield code="c">MAIN</subfield>
    <subfield code="d">2025-07-29</subfield>
    <subfield code="i">19550</subfield>
    <subfield code="l">1</subfield>
    <subfield code="m">1</subfield>
    <subfield code="o">302.3 SAM</subfield>
    <subfield code="p">30020768</subfield>
    <subfield code="r">2025-08-29 00:00:00</subfield>
    <subfield code="s">2025-08-01</subfield>
    <subfield code="t">c5</subfield>
    <subfield code="w">2025-07-29</subfield>
    <subfield code="y">MAIN</subfield>
    <subfield code="z">Donated by Kim Samuel</subfield>
  </datafield>
</record>
